El primer nueva corónica y buen gobierno
Sparad:
| Huvudupphovsman: | |
|---|---|
| Materialtyp: | Bok |
| Språk: | spanska quechua |
| Publicerad: |
Ciudad de México
Siglo Veintiuno
1988
|
| Upplaga: | 2a. ed |
| Serie: | Colección América Nuestra, 31
|
| Ämnen: | |
| Taggar: |
Lägg till en tagg
Inga taggar, Lägg till första taggen!
|
MARC
| LEADER | 00000nam a2200000 a 4500 | ||
|---|---|---|---|
| 001 | UCW0302 | ||
| 003 | CL-VaPUC | ||
| 008 | 921103e19880000MX |||||||||||||||||spa|d | ||
| 041 | 0 | 7 | |a spa |2 CL-VaPUC |
| 041 | 0 | 7 | |a que |2 CL-VaPUC |
| 082 | 0 | 4 | |a 898.983 |b GUA |2 21 |
| 100 | 0 | |a Guaman Poma de Ayala, Felipe |e author |9 257451 | |
| 245 | 1 | 3 | |a El primer nueva corónica y buen gobierno |
| 250 | |a 2a. ed | ||
| 300 | |a 3 v | ||
| 942 | |c BK | ||
| 945 | |d 19921103 00:00:00 | ||
| 260 | |a Ciudad de México |b Siglo Veintiuno |c 1988 | ||
| 650 | 7 | |a LITERATURA QUECHUA |2 CL-VaPUC |9 269339 | |
| 583 | |a last modification |c 19921103 00:00:00 |k Rodrigo Vera | ||
| 490 | 0 | |a Colección América Nuestra, 31 | |
| 999 | |c 215514 |d 215512 | ||
| 952 | |0 0 |1 0 |4 0 |6 898_983000000000000_GUA_1988 |7 0 |8 A |9 199853 |a BIBART |b BIBART |d 2019-11-14 |h v.2 |i 2671204 |o 898.983 GUA 1988 |p 2671204 |r 2025-03-13 |w 2019-11-14 |y BK |k ART | ||
| 952 | |0 0 |1 0 |4 0 |6 898_983000000000000_GUA_1988 |7 0 |8 A |9 199854 |a BIBART |b BIBART |d 2019-11-14 |h v.3 |i 2671212 |o 898.983 GUA 1988 |p 2671212 |r 2025-03-13 |w 2019-11-14 |y BK |k ART | ||